• 首页
  • 本馆介绍
  • 公告通知
  • 最新文献
  • 馆藏检索
  • 电子资源
  • 读者导购
  • 参考咨询
  • 我的图书馆
  • 登录
  • 详细信息显示
  • 放入我的书架
  • 预约/预借图书
  • 作者相关作品
  • 分类相关作品
  • 丛书相关作品
  • 出版社相关作品

书目信息

  • 表格格式
  • 工作单格式
  • 卡片格式
题名:
英语单词科学记忆法
    
 
作者: 岩田一男 著 ;伍谦光 , 谢茂寿 修订
分册:  
出版信息: 广州   广州光华出版社  1982.12
页数: 257页
开本: 19cm
丛书名:
单 册:
中图分类: H026.1
科图分类:
主题词: 文字学
电子资源:
ISBN:
000 00627nam0 2200205 45
001 0210230942
005 20060811105206.87
010    @dCNY1.00
100    @a20021023d1982 km y0chiy0120 ea
101 0  @achi
200 1  @a英语单词科学记忆法@AYing Yu Dan Ci Ke Xue Ji Yi Fa@f(日)岩田一男著@F(Ri)Yan Tian Yi Nan Zhu@g伍谦光,谢茂寿修订
210    @a广州@c广州光华出版社@d1982.12
215    @a257页@d19cm
606 0  @a文字学
690    @aH026.1@v3
701  0 @a岩田一男@4著
702  0 @a伍谦光@AWu Qian Guang@4修订
702  0 @a谢茂寿@AXie Mao Shou@4修订
801    @aCN@bTSTC@c20060811
905    @dH026.1@e9@f5@b84641-645@b84649@f1
    
    英语单词科学记忆法/(日)岩田一男著/伍谦光,谢茂寿修订.-广州:广州光华出版社,1982.12
    257页;19cm
    
    
    ISBN :CNY1.00
    
●
相关链接 在E读中查询图书 在五车中查询图书 在当当中查询图书 在豆瓣中查询图书


正题名:英语单词科学记忆法     索取号:H026.1/9         预约/预借

序号 登录号 条形码 馆藏地/架位号 状态 备注
1 0084641   000819225   第四借阅区/ [索取号:H026.1/9] 在馆    
2 0084642   000819261   第四借阅区/ [索取号:H026.1/9] 在馆    
3 0084643   000819252   第四借阅区/ [索取号:H026.1/9] 在馆    
4 0084644   000819243   第四借阅区/ [索取号:H026.1/9] 在馆    
5 0084645   000819234   第四借阅区/ [索取号:H026.1/9] 在馆    
6 0084646   001721505   密集书库/ [索取号:H026.1/9] 在馆    
7 0084647   001721541   密集书库/ [索取号:H026.1/9] 在馆    
8 0084648   001721523   密集书库/ [索取号:H026.1/9] 在馆    
9 0084649   000819270   第二样本阅览室/ [索取号:H026.1/9] 在馆    
10 0084650   001721532   密集书库/ [索取号:H026.1/9] 在馆    
11 0455530   204555301   密集书库/ [索取号:H026.1/9] 在馆    
唐山师范学院图书馆 欢迎您!
大连网信软件有限公司© 版权所有